header

Preventive conservation for historic house museums (Record no. 128652)

MARC details
000 -LEADER
fixed length control field 01849nam a2200445Ia 4500
082 04 - DEWEY DECIMAL CLASSIFICATION NUMBER
Classification number 363.6/9
100 1# - MAIN ENTRY--AUTHOR NAME
Personal name Merritt, Jane,
245 10 - TITLE STATEMENT
Title Preventive conservation for historic house museums
260 ## - PUBLICATION, DISTRIBUTION, ETC. (IMPRINT)
Place of publication Lanham :
Name of publisher AltaMira Press,
Year of publication c2010.
300 ## - PHYSICAL DESCRIPTION
Number of Pages xiii, 201 p. :
Other physical details ill.
490 1# - SERIES STATEMENT
Series statement American Association for State and Local History book series
650 #0 - SUBJECT ADDED ENTRY--TOPICAL TERM
Topical Term Historic house museums
Topical Term Historic house museums
Topical Term Historic buildings
Topical Term Dwellings
Topical Term Historic preservation
700 1# - ADDED ENTRY--PERSONAL NAME
Personal name Reilly, Julie A.,
856 40 - ELECTRONIC LOCATION AND ACCESS
Uniform Resource Identifier http://site.ebrary.com/lib/rucke/Doc?id=10464541

No items available.

© 2026 Rongo University
Contact us: librarian | system librarian | Rongo university